MARC details
| 000 -LEADER |
| fixed length control field |
03477nam a2200301 i 4500 |
| 003 - CONTROL NUMBER IDENTIFIER |
| control field |
CSPC |
| 005 - DATE AND TIME OF LATEST TRANSACTION |
| control field |
20251119124352.0 |
| 008 - FIXED-LENGTH DATA ELEMENTS--GENERAL INFORMATION |
| fixed length control field |
250516s2022 ii b 001 0 eng d |
| 020 ## - INTERNATIONAL STANDARD BOOK NUMBER |
| International Standard Book Number |
9789390780976 |
| 040 ## - CATALOGING SOURCE |
| Transcribing agency |
CSPC |
| Original cataloging agency |
CSPC |
| Language of cataloging |
eng |
| Description conventions |
rda |
| 082 04 - DEWEY DECIMAL CLASSIFICATION NUMBER |
| Classification number |
332.10285 |
| Item number |
E102 |
| 245 00 - TITLE STATEMENT |
| Title |
E-commerce security management strategy in banking / |
| Statement of responsibility, etc. |
edited by Dr. A. Sajeevan Rao. |
| 264 #1 - PRODUCTION, PUBLICATION, DISTRIBUTION, MANUFACTURE, AND COPYRIGHT NOTICE |
| Place of production, publication, distribution, manufacture |
New Delhi, India : |
| Name of producer, publisher, distributor, manufacturer |
Random Publications LLP, |
| Date of production, publication, distribution, manufacture, or copyright notice |
2022 ; Reprinted 2023. |
| 300 ## - PHYSICAL DESCRIPTION |
| Extent |
vi, 292 pages ; |
| Dimensions |
24 cm. |
| 336 ## - CONTENT TYPE |
| Source |
rdacontent |
| Content type term |
text |
| 337 ## - MEDIA TYPE |
| Source |
rdamedia |
| Media type term |
unmediated |
| 338 ## - CARRIER TYPE |
| Source |
rdacarrier |
| Carrier type term |
volume |
| 504 ## - BIBLIOGRAPHY, ETC. NOTE |
| Bibliography, etc. note |
Includes bibliographical references and index. |
| 505 0# - FORMATTED CONTENTS NOTE |
| Formatted contents note |
Introduction -- E-commerce security technology -- E-commerce application in banking industry -- Socio-cultural environments for global E-commerce -- E-commerce contracts -- Securing E-commerce -- Traditional firms beginning an E-commerce venture -- Internet banking services -- Managing challenges in banking industry -- Data protection in consumer e-banking. |
| 520 ## - SUMMARY, ETC. |
| Summary, etc. |
"The success of e-Commerce depends on the security of data like personal details and credit card numbers transmitted over the Internet The domain name system Internet protocol that makes IP addresses readable by humans is insecure, Security measures need to be taken in e-Commerce systems to prevent compromising the systems. Some of these measures include building firewalls, incorporating cryptography and authentication, and using secure connections. Security is an essential part of any transaction that takes place over the internet. Customers will lose his/her faith in e-business if its security is compromised. Security is very important in online shopping sites. Now days, a huge amount is being purchased on the internet, because it's easier and more convenient Almost anything can be bought such as music, toys clothing, cars, and food. Even though some of these purchases are illegal we will be focusing on all the item's you can buy legally on the internet. Some of the popular websites are eBay, iTunes, Amazon, HMV, Mercantila, dell, Best Buy and much more. E-commerce system issues such as employee e-commerce literacy, measurement, and data collection are part of the processes pertinent to e-commerce. The effects of senior managers putting systems in place to best meet their employee, customer, partner, and other stakeholders' needs extend far beyond items such as lower costs and more timely customer service systems, to heightened productivity and greater sales. The systems move the company toward decreasing overall organizational costs and increasing company revenues, with an ultimate goal of increased corporate profitability. The book is written in simple language, provides up-to-date coverage of material and associated research, and filled with examples to support material presented. This book is useful for undergrad and graduate students, professionals, and anyone looking to gain a solid foundation to continue their learning of dynamic e-commerce environment." -- Back cover |
| 650 #0 - SUBJECT ADDED ENTRY--TOPICAL TERM |
| Topical term or geographic name entry element |
Electronic commerce |
| General subdivision |
Security measures. |
| 650 #0 - SUBJECT ADDED ENTRY--TOPICAL TERM |
| Topical term or geographic name entry element |
Banks and banking |
| General subdivision |
Security measures. |
| 650 #0 - SUBJECT ADDED ENTRY--TOPICAL TERM |
| Topical term or geographic name entry element |
Computer security. |
| 650 #0 - SUBJECT ADDED ENTRY--TOPICAL TERM |
| Topical term or geographic name entry element |
Electronic funds transfer |
| General subdivision |
Security measures. |
| 700 1# - ADDED ENTRY--PERSONAL NAME |
| Personal name |
Rao, A. Sajeevan, |
| Relator term |
editor. |
| 942 ## - ADDED ENTRY ELEMENTS (KOHA) |
| Source of classification or shelving scheme |
Dewey Decimal Classification |
| Suppress in OPAC |
No |
| Koha item type |
Books |
| Classification part |
332.10285 |
| Item part |
E102 |
| Call number prefix |
CIR |
| Call number suffix |
2022 |